Danish Cities Quiz (Fun Facts) - Statistics

General Stats
  • This quiz has been taken 19 times
  • The average score is 8 of 10
Answer Stats
Fun Fact City % Correct
Hosts Denmark's largest carnival every May Aalborg
100%
Has an art museum with a rainbow-colored glass walkway on the roof Aarhus
100%
The capital city of Denmark Copenhagen
100%
Birthplace of Hans Christian Andersen, author of The Little Mermaid and The Ugly Duckling Odense
100%
Home of the iconic structure "Man Meets the Sea" Esbjerg
77%
The Koldinghus Castle here was once partly destroyed by a fire, and was rebuilt with its ruins intentionally left visible Kolding
77%
Hosts Scandinavia's largest music festival Roskilde
77%
Has an indoor tropical rainforests with animals like snakes, monkeys and crocodiles Randers
69%
The city's old state prison has been turned into a museum and concert venue Horsens
54%
Nicknamed the "Manchester of Denmark" for its old textile mills Vejle
54%
No matching quizzes found
Score Distribution
Percent of People with Each Score
Percentile by Number Answered
Your Score History
You have not taken this quiz